000 01171nam2a22002531 4500
001 RU\NLR\INFOCOMM7\1000043408
005 20250617070453.0
035 _a(NLR Aleph) 002540253
090 _a2927910
_c2927910
100 _a20040518d1967 |||y0rusy50 ca
101 0 _arus
102 _aRU
105 _ay |||||||||
200 1 _aУстановка для промывки самолетных и вертолетных маслорадиаторов и маслобаков
_fП.А. Селизов
210 _d1967
_aБ. м.
461 0 _1001RU\NLR\INFOCOMM7\1000043395
_12001#$aНаука и техника гражданской авиации$fМ-во гражд. авиации СССР. Гос. науч.-исслед. ин-т. ОНТЭИ$v1967, №3
_92927883
_cМ.
_d1966-1975
_fМ-во гражд. авиации СССР. Гос. науч.-исслед. ин-т. ОНТЭИ
_tНаука и техника гражданской авиации
_v1967, №3
700 1 _aСелизов
_bП.А.
_4070
801 1 _aRU
_bInfoComm
_c20040518
801 0 _aRU
_bNLR
_gPSBO
852 _aNLR
_jП10/3200
942 _cISSUE
980 _aNB
980 _aRUSPER